00613cam a2200217 i 4500001001300000003000400013005001700017008004100034010001700075025001800092040001800110050002300128100002500151245005700176250001800233260006400251300003000315500001400345500001900359999001700378sa 65000551 DLC20260227112103.0811103s1962 ii c 000 1 tamo  asa 65000551  aPL480:I-T-658 aDLCcDLCdDLC00aPL4758.9.R2857bN51 aRakunātan̲, N. K.10aNilavilē pēcuvōm /cEn̲. Kē. Rakunātan̲. a[1. patippu]. aCen̲n̲ai :bVir̲pan̲ai urimai, Pāri Nilaiyam,c[1962] a136 p. :bport. ;c18 cm. aIn Tamil. aShort stories. c61601d61601